00934nam a2200241 a 4500001000900000005001700009008004100026041000800067044000600075050002600081100002600107245015400133260005500287300007400342500001100416504003000427650004600457700002800503902000800531942001100539999001700550952012500567BRL_149620190320211232.0280114s1985----u--ao#####---#000-0#eng-# aeng au 4aF1219.3.M4b.J33 19851 aJacobson, Lori92710010aChanging facesbmexican masks in transition, McAllen International Museum, McAllen, Texas, april 3 - may 26, 1985cLori Jacobson and Donald E. Fritz. aMcAllen, TexasbMcAllen International Museumc1985 a96 p.bil., fotografías (a color)c28 cm.e+ 1 poster (45 x 28 cm.) aAu1773 aBibliografía: p. 93-96.14aMáscarasvExposicioneszMéxico9235181 aFritz, Donald E.927101 aGRL 2lcccB c10306d10306 00104070aBRLbBRLd2014-01-28iAu1773l0oF1219.3.M4 .J33 1985 (Au1773)pGRL01656r2019-03-22 00:00:00w2019-03-22yB